| 000 | 01170nab a22002537a 4500 | ||
|---|---|---|---|
| 999 |
_c5724 _d5724 |
||
| 003 | OSt | ||
| 005 | 20251231174546.0 | ||
| 008 | 190605e xxu||||| |||| 00| 0 spa d | ||
| 040 | _cPJ | ||
| 100 |
_96646 _aVázquez (h), César A. |
||
| 245 | 1 | 0 |
_aAlgunas reflexiones sobre el derecho de huelga y los daños y perjuicios en ocasión de su ejercicio / _cCésar A. Vázquez (h.). |
| 260 |
_aCiudad Autónoma de Buenos Aires : _bThomson Reuters La Ley, _c2023. |
||
| 300 | _ap. 51 | ||
| 500 | _aCita: TR LALEY AR/DOC/944/2023. | ||
| 505 | _aSumario: I. Introducción.— II. El precedente jurisprudencial.— III. Consideraciones jurídicas.— IV. El derecho de huelga. | ||
| 505 | _t¿Te interesa el texto completo? Solicitalo al correo: koha@justierradelfuego.gov.ar | ||
| 650 | 0 |
_91316 _aDERECHO LABORAL |
|
| 650 | 0 |
_91323 _aCONTRATO DE TRABAJO |
|
| 650 | 0 |
_91383 _aLEY DE CONTRATO DE TRABAJO |
|
| 650 | 0 |
_91354 _aCONVENIOS COLECTIVOS DE TRABAJO |
|
| 650 | 0 |
_91367 _aASOCIACIONES SINDICALES |
|
| 773 | 0 |
_02711 _93168 _dCiudad Autónoma de Buenos Aires : Thomson Reuters La Ley, 1999-2002. _tRevista de derecho del trabajo. Nº 3 - Mayo 2023 |
|
| 942 |
_2udc _cANA |
||